00630nam a2200205 a 4500001001300000003000900013005001700022008004100039020001000080082001700090100004700107245008000154260002400234300001000258500003500268505003600303650001900339650001900358700004700377nice12345678IN_TiNIC20260116013450.0050524s1992 raba grp 000 0 eng  ac10000a297.297bISE aIslamic Educational,, Scientific & Cultura aProceedings of the Panel on "correction of Erroneous Information Published. aRabatbIsescoc1992 a154p. aincludes index and biblioraphy2 aThe case of the satanic verses. aIslam-Apostasy aSalman Rushdie1 aIslamic Educational,, Scientific & Cultura